Music Quiz

Random Music or German Quiz

Profile: Brahms Quiz Stats

 Plays Quiz not verified by Sporcle

Challenge
Share
Tweet
Embed
Score 0/25 Timer 05:00
0 Plays Today
Question Answer % Correct
First nameJohannes
94.6%
Century he lived in19th
94%
Marital StatusSingle
88.1%
Austrian City where he spent much of his professional career (and where is grave is)Vienna
87.7%
Number of Symphonies completed4
86.3%
Two other 'B' composers grouped with him in 'The 3 Bs'Beethoven and Bach
82.5%
Number of Piano Concertos completed2
81.9%
Number of Operas completed0
81.9%
Nationality in title of his RequiemGerman
80.6%
One of the 'H' initialed composers on whose works he wrote variationsHaydn and Handel
79.6%
Nationality in title of his most famous DancesHungarian
77.5%
Number of String Quartets completed3
76%
Female pianist to whom Brahms was passionately attachedClara Schumann
70.4%
Question Answer % Correct
Russian composer who called Brahms a 'talentless bastard.'Tchaikovsky
69.2%
Operatic composer whose progressive music led people to choose sides between him and BrahmsWagner
68.5%
Czech composer who Brahms assisted and mentored.Dvořák
68.3%
Month of BirthMay (7th)
65%
Year of Birth1833
60.4%
Mentoring composer who said Brahms was 'destined to give ideal expression to the times.'Schumann
59.2%
Instrument featured in his famous Quintet, a trio and two sonatasclarinet
57.9%
Instruments featured in his Double Concertoviolin and cello
54.2%
Year of Death1897
53.8%
City of BirthHamburg
51.3%
Title of 1 of his 2 famous orchestral overturesTragic or Academic Festival
50.2%
Zodiac signTaurus
42.7%

You're not logged in!

Compare scores with friends on all Sporcle quizzes.
OR
Log In

You Might Also Like...

Show Comments

Extras

Top Quizzes Today


Score Distribution

Your Account Isn't Verified!

In order to create a playlist on Sporcle, you need to verify the email address you used during registration. Go to your Sporcle Settings to finish the process.

Report this User

Report this user for behavior that violates our Community Guidelines.

Details: